Wszyscy zwycięzcy Bundesligi - nagła śmierć - Statystyki

Ogólne statystyki
  • Ten quiz został rozwiązany 365 razy
  • Średni wynik to 6 z 31
Answers on the Grid
Answers color-coded by a green-red scale on the quiz's grid according to % correct below.
FC Viktoria 1889 Berlin
Bayer 04 Leverkusen
VfL Wolfsburg
Saarbrücken
BFC Viktoria 89
Borussia Dortmund
Energie Cottbus
SC Paderborn
FC Viktoria Köln
Hertha BSC
Arminia Bielefeld
Eintracht Braunschweig
Union 92 Berlin
Wuppertaler SV
TSG 1899 Hoffenheim
Kickers Offenbach
SC Paderborn
Dresdner SC 1898
FC Augsburg
TSV 1860 München
1.FC Nürnberg
SV Elversberg
Arminia Bielefeld
Bayern Monachium
Hannover 96
SV Darmstadt 98
Eintracht Frankfurt
St. Pauli
VfL Bochum
VfL Osnabrück
VfB Leipzig
Wuppertaler SV
Waldhof Mannheim
MSV Duisburg
Hallescher FC
FC Schalke 04
Erzgebirge Aue
Rot-Weiss Essen
1. FC Kaiserslautern
SC Freiburg
Energie Cottbus
VfR Mannheim
SK Rapid Wiedeń
Fortuna Düsseldorf
Holstein Kiel
Hamburger SV
Karlsruher FV
VfB Stuttgart
SpVgg Fürth
1. FC Saarbrücken
Chemnitzer FC
1. FC Heidenheim
Karlsruher SC
Freiburger FC
Borussia Mönchengladbach
SV Werder Bremen
Preußen Münster
1.FC Köln
1. FSV Mainz 05
RB Leipzig
Dynamo Drezno
1.FC Kaiserslautern
 
Statystyki odpowiedzi
Odpowiedź % Poprawnych
Bayer 04 Leverkusen
83%
Borussia Dortmund
76%
VfL Wolfsburg
67%
Bayern Monachium
55%
FC Schalke 04
29%
Hamburger SV
29%
1.FC Kaiserslautern
25%
Borussia Mönchengladbach
25%
Eintracht Frankfurt
25%
VfB Stuttgart
24%
TSV 1860 München
23%
Hertha BSC
22%
1.FC Köln
17%
SV Werder Bremen
17%
1.FC Nürnberg
16%
Hannover 96
15%
FC Viktoria 1889 Berlin
11%
Union 92 Berlin
7%
VfB Leipzig
6%
Eintracht Braunschweig
5%
SK Rapid Wiedeń
5%
BFC Viktoria 89
2%
Karlsruher FV
2%
Dresdner SC 1898
1%
Fortuna Düsseldorf
1%
Freiburger FC
1%
Holstein Kiel
1%
Karlsruher SC
1%
Rot-Weiss Essen
1%
SpVgg Fürth
1%
VfR Mannheim
0%
Nie znaleziono quizów pasujących do podanych kryteriów
Rozkład punktacji
Procent ludzi z każdym wynikiem
Percentyl według liczby udzielonych odpowiedzi
Twoja historia wyników
Nie rozwiązałeś tego quizu